Najpopularniejsze niepolskie imiona w Polsce - Statystyki

Ogólne statystyki
  • Ten quiz został rozwiązany 5 razy
  • Średni wynik to 7 z 20
Statystyki odpowiedzi
Liczba osób Imię % Poprawnych
125 101 Oleksandr
75%
85 143 Olena
75%
76 997 Andrii
50%
64 716 Dmytro
50%
59 847 Ivan
50%
76 748 Olha
50%
75 368 Serhii
50%
59 533 Yuliia
50%
39 694 Yurii
50%
45 767 Mykola
25%
89 800 Nataliia
25%
61 749 Svitlana
25%
95 030 Tetiana
25%
59 146 Viktoriia
25%
41 837 Vitalii
25%
60 853 Anastasiia
0%
50 822 Katerina
0%
44 994 Liudmyla
0%
39 813 Vladyslav
0%
68 005 Volodymyr
0%
Nie znaleziono quizów pasujących do podanych kryteriów
Rozkład punktacji
Procent ludzi z każdym wynikiem
Percentyl według liczby udzielonych odpowiedzi
Twoja historia wyników
Nie rozwiązałeś tego quizu